000 00383nam a2200133 i 4500
001 bg
100 1 _aPRZEŹDZIECKI, Franciszek
245 0 _aElektrotechnika ogólna.
_nCz. 3,
_pUrządzenia elektryczne, elektronika, automatyka /
_cFranciszek Przeździecki.
260 _aWarszawa,
_c1971.
040 _cBPK
041 _apol
942 _cKS
008 s pl f |000 0 pol
999 _c7303
_d7303
856 _uhttp://koha.tu.koszalin.pl/cgi-bin/koha/opac-detail.pl?biblionumber=7303
_yKatalog online BPK